| Tag |
First Indicator |
Second Indicator |
Subfields |
| LEADER |
00000cam a2200000 a 4500 |
| 001 |
in00001634883 |
| 005 |
20220105105134.0 |
| 006 |
m u |
| 007 |
cr cn||||||||| |
| 008 |
001008s1993 flu sb 101 0 eng d |
| 010 |
|
|
|z 92033379
|
| 020 |
|
|
|a 0813020190 (electronic bk.) :
|c $55.00
|
| 020 |
|
|
|z 0813011760 (cloth)
|
| 020 |
|
|
|z 0813011779 (paper)
|
| 035 |
|
|
|a 20803
|b (N$T)
|
| 035 |
|
|
|a nL20803
|
| 040 |
|
|
|a N$T
|c N$T
|d UtOrBLW
|
| 043 |
|
|
|a a-ir---
|a a-iq---
|
| 050 |
1 |
4 |
|a DS318.85
|b .I692 1993eb
|
| 082 |
0 |
4 |
|a 955.05/4
|2 20
|
| 245 |
0 |
4 |
|a The Iran-Iraq war :
|b the politics of aggression /
|c edited by Farhang Rajaee.
|
| 264 |
|
1 |
|a Gainesville :
|b University Press of Florida,
|c [1993]
|
| 264 |
|
4 |
|c ©1993
|
| 300 |
|
|
|a vii, 245 pages ;
|c 24 cm.
|
| 336 |
|
|
|a text
|b txt
|2 rdacontent
|
| 337 |
|
|
|a computer
|b c
|2 rdamedia
|
| 338 |
|
|
|a online resource
|b cr
|2 rdacarrier
|
| 504 |
|
|
|a Includes bibliographical references and index.
|
| 533 |
|
|
|a Electronic reproduction.
|b Boulder, Colo. :
|c NetLibrary,
|d 2000.
|n Available via World Wide Web.
|n Access may be limited to NetLibrary affiliated libraries.
|
| 500 |
|
|
|a Electronic resource.
|
| 650 |
|
0 |
|a Iran-Iraq War, 1980-1988
|x Congresses.
|
| 655 |
|
7 |
|a Electronic books.
|2 local
|
| 700 |
1 |
|
|a Rajāyī, Farhang,
|d 1952 or 1953-
|0 http://id.loc.gov/authorities/names/nr95006986
|
| 710 |
2 |
|
|a NetLibrary, Inc.
|0 http://id.loc.gov/authorities/names/no99080690
|
| 776 |
0 |
|
|c Original
|w (DLC) 92033379
|
| 856 |
4 |
1 |
|u https://proxy.library.tamu.edu/login?url=http://www.netLibrary.com/urlapi.asp?action=summary&v=1&bookid=20803
|z Connect to the full text of this electronic book
|t 0
|
| 999 |
|
|
|a MARS
|
| 999 |
f |
f |
|s 7fec222d-30b6-39a4-9d4b-9847f465c136
|i 7ccd6960-705f-39d9-99e2-842f6fc9cb40
|t 0
|
| 952 |
f |
f |
|a Texas A&M University
|b College Station
|c Electronic Resources
|d Available Online
|t 0
|e DS318.85 .I692 1993eb
|h Library of Congress classification
|
| 998 |
f |
f |
|a DS318.85 .I692 1993eb
|t 0
|l Available Online
|